Duševní vlastnictví soubor "I"

Bibliographic Details
Corporate Author: Česko (Author)
Format: Book
Language:Czech
PhysicalDescription:831 s. s rozličným stránkovaním 23 cm
Published: [Žilina Informačné centrum podnikateľov 1998]
ISBN:8088767180
Subjects:

MARC

LEADER 00000nam a2200000 a 4500
001 vtls001352912
003 SK-MaSNL
005 20260301070411.0
008 240226s1998 xo r cze
015 |a SNBI1999/04-02293 
020 |a 8088767180 
035 |a SNK000306305 
035 |a urn:nbn:sk:snk-am3h4xv 
035 |a urn:nbn:sk:snk-am00a273 
035 |a 343D07AA-55E9-4991-A1F5-1C9A2E62DC95 
040 |a SNK  |b slo  |c SNK  |e AACR2 
041 0 |a cze 
044 |a xo  |c SK 
080 |a 347.77/.78:340.133(437.1/.2)(094.5)=850  |2 1981 
080 |a 340.133  |2 1981 
110 0 |a Česko  |4 aut  |9 333779 
240 1 0 |a Zákony, etc. 
245 1 0 |a Duševní vlastnictví  |b soubor "I" 
260 |a [Žilina  |b Informačné centrum podnikateľov  |c 1998] 
300 |a 831 s. s rozličným stránkovaním  |c 23 cm 
500 |a Súbor obsahuje 13 aktualizácii 
650 0 7 |a vlastníctvo duševné  |x zákony  |z Česko  |x príručky  |2 SNK  |9 386548 
655 7 |a zákony  |2 SNK  |9 70186 
919 |a 80-88767-18-0 
958 |a OND 
958 |a TL 
999 |c 634221  |d 636151 
952 |t P60, <03>, [BOOK], {603}  |a SNK  |b SNK  |y PREZ  |7 0  |p 17A0177372  |o snkSC 97613  |i snkKSP 447/99  |0 0  |1 0  |4 0  |d 1999-01-20  |f 1  |l 0  |r 2025-09-17 00:00:00  |w 2026-02-23 
952 |t P60, <04>, [BOOK], {604}  |a SNK  |b SNK  |y VYP  |7 0  |p 17A0177373  |o snkSC 97613 D1  |i snkKSP 448/99  |0 0  |1 0  |4 0  |d 1999-01-20  |l 0  |r 2005-01-02 00:00:00  |w 2026-02-23